| 000 | 03766cam a22008897 4500 | ||
|---|---|---|---|
| 001 | 4583745 | ||
| 003 | LIBRIS | ||
| 005 | 20241030085423.0 | ||
| 008 | 011211s1999 xxu|||||||||||001 0|eng|c | ||
| 020 |
_a0151003696 _qinb. |
||
| 020 |
_a0434007730 _qHarcourt Brace |
||
| 020 |
_a9780156010757 _qHarvest, Harcourt Inc., pb. |
||
| 020 |
_a0156010755 _qHeinemann, pb. |
||
| 040 |
_aG _cDLC |
||
| 041 | _aeng | ||
| 080 |
_a1 _bD-17 |
||
| 082 | 0 | 4 |
_a153 _221 |
| 082 | 0 | 4 |
_a153 _221 |
| 084 |
_aDoe _2kssb/6 |
||
| 084 |
_aDoe _2kssb/6 |
||
| 100 | 1 |
_aDamasio, Antonio R. _4aut _0https://libris.kb.se/hftwzgz12d2dk2s#it |
|
| 245 | 1 | 4 |
_aThe feeling of what happens : _bbody and emotion in the making of consciousness / _cAntonio Damasio. |
| 250 | _a1. ed. | ||
| 260 |
_aNew York, N.Y. _bHarcourt Brace ; _c1999 |
||
| 264 | 1 |
_aLondon : _bHeinemann, |
|
| 300 | _a386 s. | ||
| 365 | _b28 usd | ||
| 500 | _aFirst Harvest ed., 2000 | ||
| 650 | 7 |
_aKognitiv psykologi _0https://id.kb.se/term/sao/Kognitiv%20psykologi _2sao |
|
| 650 | 7 |
_aMedvetandet _0https://id.kb.se/term/sao/Medvetandet _2sao |
|
| 650 | 0 |
_aConsciousness _xPhysiological aspects |
|
| 650 | 0 |
_aEmotions _xPhysiological aspects |
|
| 650 | 2 | _aConsciousness | |
| 650 | 2 | _aEmotions | |
| 650 | 2 | _aPsychophysiology | |
| 650 | 0 | _aAwareness | |
| 650 | 0 | _aConsciousness | |
| 650 | 0 | _aCognitive psychology | |
| 650 | 2 | _aConsciousness | |
| 650 | 2 | _aEmotions | |
| 650 | 2 | _aPsychophysiology | |
| 653 | _aფსიქოლოგია | ||
| 653 | _aკოგნიტური ფსიქოლოგია | ||
| 653 | _aცნობიერება | ||
| 653 | _aემოციები | ||
| 653 | _aფსიქოფიზიოლოგია | ||
| 887 |
_a{"@id":"5ng7s8jh4sb7b79","modified":"2018-03-20T09:42:30+01:00","checksum":"211535928177"} _2librisxl |
||
| 887 |
_a{"@id":"049wjnc530qp98s","modified":"2018-06-05T17:27:42.766+02:00","checksum":"63970642871"} _2librisxl |
||
| 887 |
_a{"@id":"15bxkpd60l8g9g6","modified":"2018-06-05T17:27:42.769+02:00","checksum":"44758073321"} _2librisxl |
||
| 887 |
_a{"@id":"6bh3qvkc3ld9dmv","modified":"2018-11-29T12:10:19.955+01:00","checksum":"44163363822"} _2librisxl |
||
| 887 |
_a{"@id":"26czlqf72hktjj0","modified":"2019-01-31T13:39:45.936+01:00","checksum":"44778974520"} _2librisxl |
||
| 887 |
_a{"@id":"kpvkc02q1rv8l4d","modified":"2016-03-16T11:26:23+01:00","checksum":"47061204535"} _2librisxl |
||
| 887 |
_a{"@id":"x7tb3x44vjpht46v","modified":"2019-11-20T14:35:31.478+01:00","checksum":"49861967499"} _2librisxl |
||
| 887 |
_a{"@id":"bgnnls7h1rqpqx1","modified":"2008-12-15T11:54:36+01:00","checksum":"54638302272"} _2librisxl |
||
| 887 |
_a{"@id":"jntjz1bp32b8nw7","modified":"2017-01-16T09:03:55+01:00","checksum":"35464687246"} _2librisxl |
||
| 887 |
_a{"@id":"7cj4rwld02rsqzs","modified":"2017-03-13T11:21:42+01:00","checksum":"46734659867"} _2librisxl |
||
| 942 |
_2udc _cBK _e1 |
||
| 999 |
_c236 _d236 |
||